| 000 | 00886cam a2200289 a 4500 | ||
|---|---|---|---|
| 001 | 000012080 | ||
| 003 | DO-SdBNP | ||
| 005 | 20250401150306.0 | ||
| 008 | 850618s1984 nq b 001 0 spa | ||
| 040 |
_aDO-SdBNP _cDLC _dDLC |
||
| 043 | _ancnq--- | ||
| 049 | _aBNGR | ||
| 082 |
_a398.2 _bP171p |
||
| 100 | 1 |
_aPalma, Milagros. _b1949- _928521 |
|
| 245 | 1 | 0 |
_aPor los senderos míticos de Nicaragua / _cMilagros Palma. |
| 260 |
_aManagua : _bNueva Nicaragua, _c1984. |
||
| 300 |
_a193 p. ; _c20 cm. |
||
| 490 | 1 | _aEdicionesm Monimbo | |
| 504 | _aBibliografía: p. 191-193. | ||
| 650 | 0 |
_aFolclore _zNicaragua. _933448 |
|
| 650 | 0 |
_aMitología _928523 |
|
| 650 | 4 |
_aLeyendas _zNicaragua _xHistoria ycrítica. _928525 |
|
| 651 | 4 |
_aNicaragua _xVida Socialy Costumbres _928524 |
|
| 830 | 0 |
_aEdiciones Monimbo ; _928526 |
|
| 910 | _aCatalogación por copia / LC | ||
| 942 |
_2ddc _cMTLS |
||
| 999 |
_c11746 _d11746 |
||